| 000 | 00000nas 2200000zi 4500 |
| 001 | 9.949170 |
| 003 | CaOODSP |
| 005 | 20250820085416 |
| 006 | m o d f |
| 007 | cr ||||||||||| |
| 008 | 250317c20259999oncar p o f0 b0fre| |
| 022 | |a2819-1498 |
| 040 | |aCaOODSP|bfre|erda|cCaOODSP |
| 043 | |an-cn--- |
| 086 | 1 |aA115-25F-PDF |
| 110 | 2 |aProgramme Agri-marketing (Canada)|eauteur, |eorganisme de publication. |
| 222 | 0|aGuide du demandeur |b(Programme Agri-marketing (Canada)) |
| 245 | 10|aGuide du demandeur / |cProgramme Agri-marketing. |
| 246 | 3 |aProgramme Agri-marketing, guide du demandeur |
| 264 | 1|a[Ottawa] : |bAgriculture et Agroalimentaire Canada = Agriculture and Agri-Food Canada, |c[2025]- |
| 310 | |aAnnuel |
| 336 | |atexte|btxt|2rdacontent/fre |
| 337 | |ainformatique|bc|2rdamedia/fre |
| 338 | |aressource en ligne|bcr|2rdacarrier/fre |
| 362 | 1 |aParaît depuis : 2025. |
| 500 | |aPublié aussi en anglais sous le titre : AgriMarketing Program, applicant guide ... |
| 610 | 20|aProgramme Agri-marketing (Canada) |vPériodiques. |
| 650 | 6|aAide de l'État à l'agriculture|zCanada|vPériodiques. |
| 655 | 7|aPériodiques|2rvmgf |
| 710 | 1 |aCanada. |bAgriculture et agroalimentaire Canada, |eorganisme de publication. |
| 775 | 08|tApplicant guide / |w(CaOODSP)9.949171 |